00574nam a2200157 a 450000100100000000500170001000800410002704000250006808200160009310000330010924500910014226000610023330000280029450000630032270000310038500001271520200929163048.0091116s1989 dr a 000 0 spa d aDO-SdBNPbspacBNPHU axxxxbR558t1 aRiera Llorca, Vicenc,d1903-14aLos tres salen por el Ozama /cVicenc Riera Llorca ; traducción Procoro Hernández. aSanto Domingo :bFundación Cultural Dominicana,c1989. a208 p. :bil. ;c22 cm. aIncluye datos biográficos del autor en la contracubierta1 aHernández, Procoro,etr.